|
|
|
|
| LEADER |
00000cam a2200000 a 4500 |
| 003 |
Ucuenca |
| 005 |
20230308230444.0 |
| 008 |
003011|1964 ec |||||r|||||||||||spa|| |
| 040 |
|
|
|b spa
|
| 041 |
0 |
|
|a es
|
| 082 |
1 |
|
|a .
|c C-33
|
| 100 |
1 |
|
|9 232303
|a Encalada Alvarado, Daniel
|
| 245 |
|
3 |
|a El matrimonio en la legislación ecuatoriana
|c Daniel Encalada Alvarado
|h dact
|
| 264 |
|
|
|a Cuenca
|c 1964
|
| 300 |
|
|
|a 142 páginas:
|c 30 cm
|
| 502 |
|
|
|a Doctor en Jurisprudencia
|b Universidad de Cuenca
|c jur
|
| 650 |
|
0 |
|a Matrimonio
|9 1229
|
| 650 |
|
0 |
|a Legislación ecuatoriana
|9 7185
|
| 650 |
|
4 |
|a Derecho civil
|9 1231
|
| 650 |
|
0 |
|a Tesis en derecho
|9 1232
|
| 852 |
|
|
|a UC-CDJBV
|
| 942 |
|
|
|c TS
|2 ddc
|r nube.salto@ucuenca.edu.ec
|
| 999 |
|
|
|c 156669
|d 156669
|